| 000 | 00417nam a2200133Ia 4500 | ||
|---|---|---|---|
| 008 | 231129s9999||||xx |||||||||||||| ||spa|| | ||
| 020 | _a958-200053-8 | ||
| 040 | _bspa | ||
| 082 | _a344.078 P879r | ||
| 100 | _aPoveda Veloza Pablo Julio | ||
| 245 | 0 | _aRegimen disciplinario docente aplicado | |
| 264 | _aBogotá Colombia : Cooperativa Editorial Magisterio | ||
| 942 |
_2ddc _cBKS |
||
| 999 |
_c23860 _d23860 |
||